00338nam a2200133Ia 4500008004100000020001900041041000800060082001300068100001600081245003700097250000600134260004400140650002000184210716s1996 xx 000 0 und d a19960195096819 aeng a170 MASH aMason, H E. aMoral dilemmes and moral theory. a1 aNew YorkbOxford University Pressc1996 aBusiness Ethics